Micro social theory
Αποθηκεύτηκε σε:
| Κύριος συγγραφέας: | |
|---|---|
| Μορφή: | Βιβλίο |
| Γλώσσα: | English |
| Δημοσίευση: |
Basingstoke :
Palgrave,
2006.
|
| Σειρά: | Traditions in social theory
|
| Θέματα: | |
| Ετικέτες: |
Προσθήκη ετικέτας
Δεν υπάρχουν, Καταχωρήστε ετικέτα πρώτοι!
|
MARC
| LEADER | 00000nam a2200000 a 4500 | ||
|---|---|---|---|
| 001 | 1/107327 | ||
| 008 | 150709s2006####enk|||||||||||||| ||eng|| | ||
| 020 | |a 0333995694 | ||
| 040 | |a GR-MyUa |b gre |c GR-MyUa |e AACR2 | ||
| 041 | 0 | |a eng | |
| 082 | 7 | |a 302.34 |2 (23) | |
| 100 | 1 | |a Roberts, Brian H. |d 1950- | |
| 245 | 1 | 0 | |a Micro social theory / |c Brian Roberts. |
| 260 | |a Basingstoke : |b Palgrave, |c 2006. | ||
| 300 | |a a ix, 185 σ. ; |c 25 εκ. | ||
| 490 | 0 | |a (Traditions in social theory) | |
| 504 | |a Περιέχει βιβλιογραφικές αναφορές και ευρετήριο. | ||
| 650 | 0 | |a Microsociology. | |
| 830 | 0 | |a Traditions in social theory | |
| 852 | |a INST |b LESVOS |c BK |e 20150709 |h 302.34 ROB |p 005100056720 |q 005100056720 |t BK |y 0 | ||
| 922 | |a 1ΕΛΗ |b 2015-04 |c Τμήμα Κοινωνιολογίας |d Διαδρομές | ||
| 970 | |a Καμάτσου |b Δέσποινα |z 09-07-2015 | ||